000 00179nam a2200073Ia 4500
008 170817s9999 xx 000 0 und d
100 _aJOYCE BRUCE
245 0 _aMOODELS OF TE ACHING
260 _bPRENTICE HALOF IN.
999 _c36817
_d36817